00876nam a2200265 i 450000100060000000300090000600500170001500700030003200800410003502000180007608000110009410000250010524500960013025000120022626000330023830000220027149000270029350400350032065000250035570000230038083000350040385200330043899900170047195201220048811778ES-MaACL20230906150155.0t|961023s1995 sp ||||1| spa d a84-344-8114-6 a82.0351 aHatim, Basil.96206910aTeoría de la traducción b: una aproximación al discurso / cBasil Hatim y Ian Mason. a1ª ed. aBarcelona : bAriel, c1995. a332 p. ; c22 cm.1 aAriel lenguas modernas aBibliografía : p. [317]-325. 4aTraducción.9176081 aMason, Ian.9787600 aAriel lenguas modernas9228221 aES-MaACLjL-19108 bR.125315 c11778d11778 00104070aATENEOMbATENEOMcDEPO2d2008-01-17eSCl0oL-19108p1012003r2023-02-23 00:00:00w2023-02-23yMONOGRAFIA